00598nam a2200181Ia 4500008004100000020001500041041001200056082001100068100001400079245005600093260003100149300000800180650000700188700001300195942000700208999001500215952018600230221030s9999 xx 000 0 und d a8190774628 aEnglish a105.23 aM. Dhunna 0aComputer Network & Internetcby M. Dhunna, D. Verma bVayu Pub.aNew Delhic2009 a353 aIT aD. Verma cBK c9136d9136 pBE 10874g250.00l0o105.23 eVayu Educationr2024-06-13 00:00:00w2022-10-30yBK003Print4070aMIETLIBbMIETLIBcBL-Academic Block C, FL-2, CUP-119, SH-4, R-4d2010-07-0510HBE